00334nam a2200133 a 4500008004100000050001600041100002200057245001400079246002700093250001200120260004300132300001600175350000900191120416s1967 ||||||||||||||||| || u aHF 5429 Dun aDuncan, Delbert J10aRetailing aprinciples and methods a7th ed. aHomewood, Ill.bRichard D. Irwinc1967 axvii, 808p. a0.00